Statystyki dla Losowe słowa w języku niemieckim

Kliknij tutaj aby rozwiązać quiz!

Ogólne statystyki

  • Ten quiz został rozwiązany 1 015 razy
  • Średni wynik to 17 z 24

Statystyki odpowiedzi

niemieckipolski% Poprawnych
Jatak
97%
Fischryba
89%
Schwarzczarny
86%
Hundpies
86%
Hausdom
83%
Tagdzień
83%
Wasserwoda
82%
Weißbiały
79%
Mitz
78%
Rotczerwony
77%
Käseser
76%
Neunowy
71%
Stadtmiasto
70%
Kopfgłowa
69%
Jahrroku
68%
Blumekwiat
66%
Wochetydzień
64%
Landkraj
61%
Fraukobieta
60%
Seejezioro
58%
Mädchendziewczynka
53%
Herzserce
52%
Schweinświnia
50%
Kriegwojna
39%

Rozkład punktacji

Percentyl według liczby udzielonych odpowiedzi

Procent ludzi z każdym wynikiem

Twoja historia wyników

Nie rozwiązałeś tego quizu